=LDR 00000nam 2200000 4500 =001 INLIS000000000045141 =005 20141223143333.0 =006 =007 =008 =020 ##$$a 0-7089-8152-6 =035 ##$$0010-121400000000291 =040 ##$$a NBPDMAT =082 ##$$a 823 =090 ##$$a 823 Kip k =100 ##$$a Rudyard Kipling =245 ##$$a Kim =260 ##$$a India $b T.J. Pres $c 1901 =300 ##$$a 429 $c 22 cm =650 ##$$a Fiksi =990 ##$$a 38464/Hd-91